The painted bird / (Record no. 35005)
[ view plain ]
| 000 -CABECERA | |
|---|---|
| campo de control de longitud fija | 00601nam a2200193 a 4500 |
| 001 - NÚMERO DE CONTROL | |
| campo de control | 000035514 |
| 005 - FECHA Y HORA DE LA ÚLTIMA TRANSACCIÓN | |
| campo de control | 20200930074411.0 |
| 008 - DATOS DE LONGITUD FIJA--INFORMACIÓN GENERAL | |
| campo de control de longitud fija | 111102s1972 xxu 000 f eng d |
| 040 ## - FUENTE DE LA CATALOGACIÓN | |
| Centro catalogador/agencia de origen | DO-SdBNP |
| Lengua de catalogación | spa |
| Centro/agencia transcriptor | BNPHU |
| 041 17 - CÓDIGO DE LENGUA | |
| Código de lengua del texto/banda sonora o título independiente | eng |
| 100 1# - ENTRADA PRINCIPAL--NOMBRE DE PERSONA | |
| Nombre de persona | Kosinski, Jerzy, |
| Fechas asociadas al nombre | 1933-1991 |
| 9 (RLIN) | 61399 |
| 245 14 - MENCIÓN DE TÍTULO | |
| Título | The painted bird / |
| Mención de responsabilidad, etc. | Jerzy Kosinski. |
| 250 ## - MENCIÓN DE EDICIÓN | |
| Mención de edición | 5th. ed. |
| 260 ## - PUBLICACIÓN, DISTRIBUCIÓN, ETC. | |
| Lugar de publicación, distribución, etc. | New York : |
| Nombre del editor, distribuidor, etc. | Bantam Books, |
| Fecha de publicación, distribución, etc. | 1972. |
| 300 ## - DESCRIPCIÓN FÍSICA | |
| Extensión | 213 p. ; |
| Dimensiones | 18 cm. |
| 590 ## - NOTA LOCAL (RLIN) | |
| Nota local | Perteneció a la biblioteca personal de Juan Isidro Jimenes Grullón |
| 650 24 - PUNTO DE ACCESO ADICIONAL DE MATERIA--TÉRMINO DE MATERIA | |
| Término de materia o nombre geográfico como elemento de entrada | Novela estadounidense |
| 9 (RLIN) | 262 |
| 650 24 - PUNTO DE ACCESO ADICIONAL DE MATERIA--TÉRMINO DE MATERIA | |
| Término de materia o nombre geográfico como elemento de entrada | Literatura estadounidense |
| 9 (RLIN) | 263 |
| Estado de retiro | Estado de pérdida | Restricciones de uso | No para préstamo | Código de colección | Localización permanente | Ubicación/localización actual | Ubicación en estantería | Fecha de adquisición | Número de inventario | Total de préstamos | Signatura topográfica completa | Código de barras | Fecha visto por última vez | Precio válido a partir de | Tipo de ítem Koha | Nota pública |
|---|---|---|---|---|---|---|---|---|---|---|---|---|---|---|---|---|
| Monografías: Libros y Folletos | General | General | Orden iniciada | 02.11.2011 | LF1 | 35514-10 | 25.06.2020 | 25.06.2020 | No se presta | Biblioteca Juan Isidro Jiménes Grullón |
